000 00673nam a22001935i 4500
001 161748
003 ES-MaACL
005 20230906212342.0
008 981203s1858 fr |||| | por d
040 _aCCPB | B
_bspa
_cCCPB | B
100 1 _aPereira da Silva, J. M.
_9130997
245 1 3 _aOs varoes illustres do Brazil durante os tempos coloniáes /
_cpor J. M. Pereira da Silva.
260 _aPariz :
_bLivraria de A. Franck :
_bLivraria de Guillaumin et Cª,
_c1858.
300 _a2 v. ;
_c21 cm.
650 4 _aBrasileños-
_xBiografías.
_9135697
651 4 _aBrasil-
_xHistoria.
_97891
752 _aFrancia -
_dParís
852 _aES-MaACL
_jF-5529
_z-- Enc. hol.
999 _c161748
_d161748